01063nam a22001217a 4500008004100000082002100041100002900062245006700091260006800158300002600226505060100252650008800853180803b xxu||||| |||| 00| 0 eng d a791.309.72bZ25f aZamorano, Beatriz et al. aFronteras Circenses: Antecedentes, desarrollo y arte del circo aMéxicobInstituto Nacional de Bellas Artes y Literaturac2012 a151 p.bill.c21.3 cm tPresentacióntDe payasos, locos, mimos y saltimbanquisrMerlín, SocorrotAntecedentes de los cirqueros en México: chocarreros, titiretas, maromeros, prestidigitadores y otros prodigiosrVásques, Miguel Ángel.tLas artes circenses en los títeres de Rosete ArandarMiranda, FranciscatLa importancia de llamarse Rabanito. Grandes poetas de la Mixteca Baja OaxaqueñarRobles, Luz MaríatConstrucción y evolución de la imagen del payaso en el arterVelarde, Sofía IrenetEl circo de los pintores de MéxicorZamorano, BeatriztEl circo en el cine mexicanorReséndiz, Andrés 2Arte contemporáneoxArte - performancexArte - circozCirco - México - Historia